Statystyki dla Realistyczne flagi. Część 1

Kliknij tutaj aby rozwiązać quiz!

Ogólne statystyki

  • Ten quiz został rozwiązany 35 razy
  • Średni wynik to 9 z 10

Statystyki odpowiedzi

Odpowiedź% Poprawnych
Brazylia
100%
Polska
97%
Rosja
94%
Słowacja
94%
Turcja
94%
Cypr
91%
Kanada
91%
Ukraina
91%
Kosowo
86%
Liechtenstein
77%

Rozkład punktacji

Percentyl według liczby udzielonych odpowiedzi

Procent ludzi z każdym wynikiem

Twoja historia wyników

Nie rozwiązałeś tego quizu